000 00558nam a2200157 4500
999 _c7265
_d7265
008 170811b xxu||||| |||| 00| 0 eng d
022 _a16565541
082 _aDPer 641.05 F73 Dec 2012-Nov 2013 v. 9-10, n. 6-5
100 _922009
_aKuy, Ann.
245 _aThe best beginning continues/
_cAnn Kuy.
260 _aMakati City, Philippines:
_bHinge Inquirer Publications, Inc.,
_c©2012-2013.
300 _av10 n4, page 72:
_billustrations;
_c28 cm.
500 _aFood and beverages: make a living with food.
650 0 _922010
_aCatering
942 _2ddc
_cPER